Kingdom of heaven (Record no. 17535)
[ view plain ]
| 000 -LEADER | |
|---|---|
| fixed length control field | 01115nam a22002057a 4500 |
| 008 - FIXED-LENGTH DATA ELEMENTS--GENERAL INFORMATION | |
| fixed length control field | 050714s2005 cau144 e vleng d |
| 082 04 - DEWEY DECIMAL CLASSIFICATION NUMBER | |
| Classification number | 791.43 |
| Item number | KIN |
| Edition number | 22 |
| 245 00 - TITLE STATEMENT | |
| Title | Kingdom of heaven |
| Medium | [videorecording] / |
| Statement of responsibility, etc | Twentieth Century Fox presents a Scott Free production ; produced and directed by Ridley Scott ; written by William Monahan. |
| 260 ## - PUBLICATION, DISTRIBUTION, ETC. (IMPRINT) | |
| Place of publication, distribution, etc | Beverly Hills : |
| Name of publisher, distributor, etc | 20th Century Fox Home Entertainment, |
| Date of publication, distribution, etc | 2005. |
| 300 ## - PHYSICAL DESCRIPTION | |
| Extent | 1 videodisc (144 min.) : |
| Other physical details | sd., col. ; |
| Dimensions | 4 3/4 in. |
| 500 ## - GENERAL NOTE | |
| General note | Special features: Combo trailer; inside look: Tristan & Isolde; the pilgrim's guide; interactive production grid; <br/>A&E movie real: "Kindgom of Heaven"; the History Channel's<br/>"History vs. Hollywood", "Kingdom of Heaven"; behind-the-<br/>scenes featurettes; Orlando Bloom "The adventure of a <br/>lifetime"; trailers. |
| 650 ## - SUBJECT ADDED ENTRY--TOPICAL TERM | |
| Topical term or geographic name as entry element | French - |
| Geographic subdivision | Jerusalem - |
| Form subdivision | Drama. |
| 9 (RLIN) | 33667 |
| 650 ## - SUBJECT ADDED ENTRY--TOPICAL TERM | |
| Topical term or geographic name as entry element | Knights and knighthood - |
| Form subdivision | Drama. |
| 9 (RLIN) | 33668 |
| 700 ## - ADDED ENTRY--PERSONAL NAME | |
| Personal name | Scott, Ridley. |
| 9 (RLIN) | 33670 |
| 700 ## - ADDED ENTRY--PERSONAL NAME | |
| Personal name | Monahan, William. |
| 9 (RLIN) | 33675 |
| 700 ## - ADDED ENTRY--PERSONAL NAME | |
| Personal name | Bloom, Orlando. |
| 9 (RLIN) | 33676 |
| 700 ## - ADDED ENTRY--PERSONAL NAME | |
| Personal name | Green, Eva. |
| 9 (RLIN) | 33677 |
| 700 ## - ADDED ENTRY--PERSONAL NAME | |
| Personal name | Neeson, Liam. |
| 9 (RLIN) | 33678 |
| 942 ## - ADDED ENTRY ELEMENTS (KOHA) | |
| Source of classification or shelving scheme | Dewey Decimal Classification |
| Item type | |
| Withdrawn status | Lost status | Source of classification or shelving scheme | Damaged status | Not for loan | Koha collection | Location (home branch) | Sublocation or collection (holding branch) | Shelving location | Date acquired | Source of acquisition | Cost, normal purchase price | Invoice Number | Koha issues (times borrowed) | Koha full call number | Piece designation (barcode) | Koha date last seen | Koha date last borrowed | Cost, replacement price | Koha item type |
|---|---|---|---|---|---|---|---|---|---|---|---|---|---|---|---|---|---|---|---|
| Dewey Decimal Classification | Baccah | Central Library | Central Library | Second Floor | 18/09/2013 | Purchase | 159.00 | 18080 | 1 | 791.43 KIN | 000028876 | 24/08/2022 | 16/08/2016 | 198.75 | CD | DVD - Movie (NB) |